000 00823nam a22002897a 4500
001 000263
003 DO-SdBNP
005 20180220114019.0
007 000263
008 151029b 2001 sp a 00| 0 spa d
020 _a8434811219
040 _aBPMSU
_bspa
_cBPMSU
100 _a Wilson, Eric Hamilton,
_d 1940-
245 _aAsesinato en el canadian express /
_bEric Wilson ; traducción Pedro Barbadillo
250 _a27a. ed.
260 _aMadrid :
_bSM,
_c2001.
300 _a159 p. :
_bil.
_g20 cm
490 0 _aEl barco de vapor
_v15
490 0 _aNaranja
500 _3Para niño a partir de 7 años
700 _aBarbadillo, Pedro
_etr.
830 _aEl barco de vapor
_v15
830 0 _aNaranja
942 _2ddc
_cBK
945 _aInventariado, 2018/ YL
956 _aVMATEO
_210
_320160411
_6BPMSU
_80069
999 _c9671
_d9671